000 00722cam a2200205 4500
001 8543
003 OCoLC
005 20181127190215.0
008 980928s1999 enk bf 001 0 eng c
020 _a1854332708
082 0 4 _a174.915
_221
100 1 _aFrancis, Ronald D.
_q(Ronald David),
_d1931-
245 1 0 _aEthics for psychologists :
_ba handbook /
_cRonald D. Francis
260 _aLeicester, UK :
_bBPS Books,
_c1999
300 _av, 255 p. ;
_c25 cm
504 _aIncludes bibliographical references (p. 238-245) and index
650 0 _aPsychologists
_xProfessional ethics
_vHandbooks, manuals, etc
650 0 _aPsychology
_xMoral and ethical aspects
_vHandbooks, manuals, etc
999 _c7397
_d7397